Stock market encyclopedia /

Bibliographic Details
New Title:S&P index directory
Previous Title:S & P 500 stock market encyclopedia
Uniform Title:Stock market encyclopedia (New York, N.Y. : 1985)
Corporate Author: Standard and Poor's Corporation
Format: Serial
Language:English
Published: New York, N.Y. : The Corporation, [1985-]
Subjects:
Online Availability: Check for online availability

MARC

Tag First Indicator Second Indicator Subfields
LEADER 00000cas a2200000 a 4500
001 in00000392002
005 20151011114634.0
008 850404d19852007nyuqr r 0 a0eng d
010 |a  85642313   |z sn 85001084  
019 |a 23823754 
022 0 |a 0882-5467  |2 1 
029 1 |a AU@  |b 000004408506 
035 |a (OCoLC)11884490 
035 |9 ABS0715AM 
037 |b Standard & Poor's Corp., 25 Broadway, New York, N.Y. 10004 
040 |a NSD  |c NSD  |d DLC  |d IUL  |d DLC  |d NST  |d NYG  |d NST  |d CLU  |d OCL  |d NST  |d TXA  |d OCLCQ  |d UPM  |d DLC  |d UtOrBLW 
042 |a lc  |a nsdp 
043 |a n-us--- 
049 |a TXAM 
050 0 0 |a HG4057  |b .A46 
082 0 4 |a 338.7/4/0973  |2 19 
090 |a HG4921  |b .S68 
130 0 |a Stock market encyclopedia (New York, N.Y. : 1985) 
210 0 |a Stock mark. encycl.  |b (1985) 
222 0 |a Stock market encyclopedia  |b (1985) 
245 1 0 |a Stock market encyclopedia /  |c Standard & Poor's Corporation. 
246 3 0 |a Stock market encyclopedia including the S & P 500 
246 1 3 |a Standard & Poor's stock market encyclopedia  |f 1991- 
264 1 |a New York, N.Y. :  |b The Corporation,  |c [1985-] 
264 4 |c ©1985- 
300 |a volumes :  |b illustrations ;  |c 20 x 24 cm. 
310 |a Quarterly 
336 |a text  |b txt  |2 rdacontent 
337 |a unmediated  |b n  |2 rdamedia 
338 |a volume  |b nc  |2 rdacarrier 
362 0 |a Vol. 7, no. 2 (May 1985)- 
362 1 |a Ceased with v. 29, no. 4 (2007). 
500 |a "Including the S & P 500." 
500 |a Latest issue consulted: Volume 13, number 1 (Feb. 1991). 
580 |a Superseded by: S&P index directory. 
650 0 |a Corporations  |z United States  |v Directories. 
650 0 |a Stocks  |z United States  |v Directories. 
650 0 |a Securities  |z United States  |v Statistics. 
650 0 |a Stocks  |z United States  |v Statistics. 
650 0 |a Corporations  |z United States  |v Statistics. 
710 2 |a Standard and Poor's Corporation. 
780 0 0 |t S & P 500 stock market encyclopedia  |x 0737-5026  |w (DLC) 84642623  |w (OCoLC)9237163 
785 1 0 |t S&P index directory  |x 1949-291X  |w (DLC) 2008249152  |w (OCoLC)269875695 
850 |a AzU  |a CLU  |a CU-I  |a CU-Riv  |a CoU  |a CtY-SSE  |a DLC  |a FU  |a GASU  |a ICarbS  |a IEN  |a INS  |a IaU  |a InU  |a KyU  |a MiEM  |a MnU  |a MsSM  |a N  |a NN  |a OU  |a PPD  |a TxArU  |a TxCM  |a TxDaM  |a ViBlbV  |a WaU  |a WvU  |a WyU 
891 2 0 |9 853  |8 1  |a v.  |b no.  |u 4  |v r  |i (year)  |j (season)  |w q 
891 4 1 |9 863  |8 1.1  |a <23>  |b <2>  |i <2001>  |j <22> 
994 |a C0  |b TXA 
949 |a updated  |b h  |c 2009/12/18  |e coplinger  |f 11:31:52 am 
999 |a MARS 
999 f f |s 6efc3f6a-742d-38d8-aa59-c3c164845b88  |i c6898197-4816-358b-8877-1b2d1c028dd5  |t 0 
952 f f |p ric  |a Texas A&M University  |b Rellis Campus  |c Joint Library Facility  |d Remote Storage  |t 0  |e HG4921 .S68  |h Library of Congress classification  |i unmediated -- volume  |k v.24:no.4  |l 2002:Winter  |m A14828663586 
952 f f |p ric  |a Texas A&M University  |b Rellis Campus  |c Joint Library Facility  |d Remote Storage  |t 0  |e HG4921 .S68  |h Library of Congress classification  |i unmediated -- volume  |k v.9:no.4  |l 1987  |m A14810965330 
952 f f |p ric  |a Texas A&M University  |b Rellis Campus  |c Joint Library Facility  |d Remote Storage  |t 0  |e HG4921 .S68  |h Library of Congress classification  |i unmediated -- volume  |k v.17:no.1  |l 1995:Feb.  |m A14818700904 
952 f f |p ric  |a Texas A&M University  |b Rellis Campus  |c Joint Library Facility  |d Remote Storage  |t 0  |e HG4921 .S68  |h Library of Congress classification  |i unmediated -- volume  |k v.19:no.2  |l 1997:May  |m A14821192186 
952 f f |p ric  |a Texas A&M University  |b Rellis Campus  |c Joint Library Facility  |d Remote Storage  |t 0  |e HG4921 .S68  |h Library of Congress classification  |i unmediated -- volume  |k v.26:no.3  |l 2004:Fall  |m A14831400947 
952 f f |p ric  |a Texas A&M University  |b Rellis Campus  |c Joint Library Facility  |d Remote Storage  |t 0  |e HG4921 .S68  |h Library of Congress classification  |i unmediated -- volume  |k v.12:no.2  |l 1990  |m A14812284285 
952 f f |p ric  |a Texas A&M University  |b Rellis Campus  |c Joint Library Facility  |d Remote Storage  |t 0  |e HG4921 .S68  |h Library of Congress classification  |i unmediated -- volume  |k v.13:no.4  |l 1991  |m A14815131499 
952 f f |p ric  |a Texas A&M University  |b Rellis Campus  |c Joint Library Facility  |d Remote Storage  |t 0  |e HG4921 .S68  |h Library of Congress classification  |i unmediated -- volume  |k v.8:no.4  |l 1986  |m A14809826824 
952 f f |p ric  |a Texas A&M University  |b Rellis Campus  |c Joint Library Facility  |d Remote Storage  |t 0  |e HG4921 .S68  |h Library of Congress classification  |i unmediated -- volume  |k v.12:no.3  |l 1990  |m A14812277563 
952 f f |p ric  |a Texas A&M University  |b Rellis Campus  |c Joint Library Facility  |d Remote Storage  |t 0  |e HG4921 .S68  |h Library of Congress classification  |i unmediated -- volume  |k v.11:no.2  |l 1989  |m A14812225841 
952 f f |p ric  |a Texas A&M University  |b Rellis Campus  |c Joint Library Facility  |d Remote Storage  |t 0  |e HG4921 .S68  |h Library of Congress classification  |i unmediated -- volume  |k v.8:no.1  |l 1986  |m A14809265222 
952 f f |p ric  |a Texas A&M University  |b Rellis Campus  |c Joint Library Facility  |d Remote Storage  |t 0  |e HG4921 .S68  |h Library of Congress classification  |i unmediated -- volume  |k v.29:no.2  |l 2007:Summer  |m A14834014567 
952 f f |p ric  |a Texas A&M University  |b Rellis Campus  |c Joint Library Facility  |d Remote Storage  |t 0  |e HG4921 .S68  |h Library of Congress classification  |i unmediated -- volume  |k v.14:no.2  |l 1992  |m A14815609450 
952 f f |p ric  |a Texas A&M University  |b Rellis Campus  |c Joint Library Facility  |d Remote Storage  |t 0  |e HG4921 .S68  |h Library of Congress classification  |i unmediated -- volume  |k v.7:no.4  |l 1985  |m A14809234556 
952 f f |p ric  |a Texas A&M University  |b Rellis Campus  |c Joint Library Facility  |d Remote Storage  |t 0  |e HG4921 .S68  |h Library of Congress classification  |i unmediated -- volume  |k v.22:no.3  |l 2000:Sept.  |m A14826282287 
952 f f |p ric  |a Texas A&M University  |b Rellis Campus  |c Joint Library Facility  |d Remote Storage  |t 0  |e HG4921 .S68  |h Library of Congress classification  |i unmediated -- volume  |k v.26:no.2  |l 2004:Summer  |m A14831870736 
952 f f |p ric  |a Texas A&M University  |b Rellis Campus  |c Joint Library Facility  |d Remote Storage  |t 0  |e HG4921 .S68  |h Library of Congress classification  |i unmediated -- volume  |k v.28:no.3  |l 2006:Fall  |m A14833985650 
952 f f |p ric  |a Texas A&M University  |b Rellis Campus  |c Joint Library Facility  |d Remote Storage  |t 0  |e HG4921 .S68  |h Library of Congress classification  |i unmediated -- volume  |k v.10:no.1  |l 1988  |m A14811243090 
952 f f |p ric  |a Texas A&M University  |b Rellis Campus  |c Joint Library Facility  |d Remote Storage  |t 0  |e HG4921 .S68  |h Library of Congress classification  |i unmediated -- volume  |k v.17:no.4  |l 1995:Nov.  |m A14819465777 
952 f f |p ric  |a Texas A&M University  |b Rellis Campus  |c Joint Library Facility  |d Remote Storage  |t 0  |e HG4921 .S68  |h Library of Congress classification  |i unmediated -- volume  |k v.23:no.2  |l 2001:Summer  |m A14827222793 
952 f f |p ric  |a Texas A&M University  |b Rellis Campus  |c Joint Library Facility  |d Remote Storage  |t 0  |e HG4921 .S68  |h Library of Congress classification  |i unmediated -- volume  |k v.29:no.1  |l 2007:Spring  |m A14834005932 
952 f f |p ric  |a Texas A&M University  |b Rellis Campus  |c Joint Library Facility  |d Remote Storage  |t 0  |e HG4921 .S68  |h Library of Congress classification  |i unmediated -- volume  |k v.25:no.4  |l 2003:Winter  |m A14830682431 
952 f f |p ric  |a Texas A&M University  |b Rellis Campus  |c Joint Library Facility  |d Remote Storage  |t 0  |e HG4921 .S68  |h Library of Congress classification  |i unmediated -- volume  |k v.14:no.1  |l 1992  |m A14815408090 
952 f f |p ric  |a Texas A&M University  |b Rellis Campus  |c Joint Library Facility  |d Remote Storage  |t 0  |e HG4921 .S68  |h Library of Congress classification  |i unmediated -- volume  |k v.28:no.4  |l 2006:Winter  |m A14833999358 
952 f f |p ric  |a Texas A&M University  |b Rellis Campus  |c Joint Library Facility  |d Remote Storage  |t 0  |e HG4921 .S68  |h Library of Congress classification  |i unmediated -- volume  |k v.27:no.2  |l 2005:Summer  |m A14831435879 
952 f f |p ric  |a Texas A&M University  |b Rellis Campus  |c Joint Library Facility  |d Remote Storage  |t 0  |e HG4921 .S68  |h Library of Congress classification  |i unmediated -- volume  |k v.21:no.1  |l 1999:Spring  |m A14824132143 
952 f f |p ric  |a Texas A&M University  |b Rellis Campus  |c Joint Library Facility  |d Remote Storage  |t 0  |e HG4921 .S68  |h Library of Congress classification  |i unmediated -- volume  |k v.15:no.3  |l 1993  |m A14817953724 
952 f f |p ric  |a Texas A&M University  |b Rellis Campus  |c Joint Library Facility  |d Remote Storage  |t 0  |e HG4921 .S68  |h Library of Congress classification  |i unmediated -- volume  |k v.23:no.1  |l 2001:Spring  |m A14827204135 
952 f f |p ric  |a Texas A&M University  |b Rellis Campus  |c Joint Library Facility  |d Remote Storage  |t 0  |e HG4921 .S68  |h Library of Congress classification  |i unmediated -- volume  |k v.20:no.3  |l 1998:Aug.  |m A14823459699 
952 f f |p ric  |a Texas A&M University  |b Rellis Campus  |c Joint Library Facility  |d Remote Storage  |t 0  |e HG4921 .S68  |h Library of Congress classification  |i unmediated -- volume  |k v.16:no.1  |l 1994:Feb.  |m A14817953457 
952 f f |p ric  |a Texas A&M University  |b Rellis Campus  |c Joint Library Facility  |d Remote Storage  |t 0  |e HG4921 .S68  |h Library of Congress classification  |i unmediated -- volume  |k v.9:no.2  |l 1987  |m A14810088497 
952 f f |p ric  |a Texas A&M University  |b Rellis Campus  |c Joint Library Facility  |d Remote Storage  |t 0  |e HG4921 .S68  |h Library of Congress classification  |i unmediated -- volume  |k v.22:no.2  |l 2000:June  |m A14826281825 
952 f f |p ric  |a Texas A&M University  |b Rellis Campus  |c Joint Library Facility  |d Remote Storage  |t 0  |e HG4921 .S68  |h Library of Congress classification  |i unmediated -- volume  |k v.25:no.2  |l 2003:Summer  |m A14830317191 
952 f f |p ric  |a Texas A&M University  |b Rellis Campus  |c Joint Library Facility  |d Remote Storage  |t 0  |e HG4921 .S68  |h Library of Congress classification  |i unmediated -- volume  |k v.27:no.4  |l 2005:Winter  |m A14833978695 
952 f f |p ric  |a Texas A&M University  |b Rellis Campus  |c Joint Library Facility  |d Remote Storage  |t 0  |e HG4921 .S68  |h Library of Congress classification  |i unmediated -- volume  |k v.10:no.3  |l 1988  |m A14811311437 
952 f f |p ric  |a Texas A&M University  |b Rellis Campus  |c Joint Library Facility  |d Remote Storage  |t 0  |e HG4921 .S68  |h Library of Congress classification  |i unmediated -- volume  |k v.14:no.4  |l 1992  |m A14816553539 
952 f f |p ric  |a Texas A&M University  |b Rellis Campus  |c Joint Library Facility  |d Remote Storage  |t 0  |e HG4921 .S68  |h Library of Congress classification  |i unmediated -- volume  |k v.13:no.3  |l 1991  |m A14813833079 
952 f f |p ric  |a Texas A&M University  |b Rellis Campus  |c Joint Library Facility  |d Remote Storage  |t 0  |e HG4921 .S68  |h Library of Congress classification  |i unmediated -- volume  |k v.24:no.1  |l 2002:Spring  |m A14828619650 
952 f f |p ric  |a Texas A&M University  |b Rellis Campus  |c Joint Library Facility  |d Remote Storage  |t 0  |e HG4921 .S68  |h Library of Congress classification  |i unmediated -- volume  |k v.13:no.2  |l 1991  |m A14814712959 
952 f f |p ric  |a Texas A&M University  |b Rellis Campus  |c Joint Library Facility  |d Remote Storage  |t 0  |e HG4921 .S68  |h Library of Congress classification  |i unmediated -- volume  |k v.16:no.3  |l 1994:Aug.  |m A14818011371 
952 f f |p ric  |a Texas A&M University  |b Rellis Campus  |c Joint Library Facility  |d Remote Storage  |t 0  |e HG4921 .S68  |h Library of Congress classification  |i unmediated -- volume  |k v.17:no.2  |l 1995:May  |m A14819087383 
952 f f |p ric  |a Texas A&M University  |b Rellis Campus  |c Joint Library Facility  |d Remote Storage  |t 0  |e HG4921 .S68  |h Library of Congress classification  |i unmediated -- volume  |k v.27:no.1  |l 2005:Spring  |m A14831426545 
952 f f |p ric  |a Texas A&M University  |b Rellis Campus  |c Joint Library Facility  |d Remote Storage  |t 0  |e HG4921 .S68  |h Library of Congress classification  |i unmediated -- volume  |k v.25:no.1  |l 2003:Spring  |m A14829878817 
952 f f |p ric  |a Texas A&M University  |b Rellis Campus  |c Joint Library Facility  |d Remote Storage  |t 0  |e HG4921 .S68  |h Library of Congress classification  |i unmediated -- volume  |k v.18:no.2  |l 1996:May  |m A14819813221 
952 f f |p ric  |a Texas A&M University  |b Rellis Campus  |c Joint Library Facility  |d Remote Storage  |t 0  |e HG4921 .S68  |h Library of Congress classification  |i unmediated -- volume  |k v.24:no.3  |l 2002:Fall  |m A14828645512 
952 f f |p ric  |a Texas A&M University  |b Rellis Campus  |c Joint Library Facility  |d Remote Storage  |t 0  |e HG4921 .S68  |h Library of Congress classification  |i unmediated -- volume  |k v.21:no.3  |l 1999:Fall  |m A14825169012 
952 f f |p ric  |a Texas A&M University  |b Rellis Campus  |c Joint Library Facility  |d Remote Storage  |t 0  |e HG4921 .S68  |h Library of Congress classification  |i unmediated -- volume  |k v.9:no.1  |l 1987  |m A14809939871 
952 f f |p ric  |a Texas A&M University  |b Rellis Campus  |c Joint Library Facility  |d Remote Storage  |t 0  |e HG4921 .S68  |h Library of Congress classification  |i unmediated -- volume  |k v.15:no.4  |l 1993:Nov.  |m A14817500717 
952 f f |p ric  |a Texas A&M University  |b Rellis Campus  |c Joint Library Facility  |d Remote Storage  |t 0  |e HG4921 .S68  |h Library of Congress classification  |i unmediated -- volume  |k v.27:no.3  |l 2005:Fall  |m A14831451566 
952 f f |p ric  |a Texas A&M University  |b Rellis Campus  |c Joint Library Facility  |d Remote Storage  |t 0  |e HG4921 .S68  |h Library of Congress classification  |i unmediated -- volume  |k v.21:no.2  |l 1999:Summer  |m A14824973963 
952 f f |p ric  |a Texas A&M University  |b Rellis Campus  |c Joint Library Facility  |d Remote Storage  |t 0  |e HG4921 .S68  |h Library of Congress classification  |i unmediated -- volume  |k v.11:no.4  |l 1989  |m A14812314624 
952 f f |p ric  |a Texas A&M University  |b Rellis Campus  |c Joint Library Facility  |d Remote Storage  |t 0  |e HG4921 .S68  |h Library of Congress classification  |i unmediated -- volume  |k v.14:no.3  |l 1992  |m A14816189770 
952 f f |p ric  |a Texas A&M University  |b Rellis Campus  |c Joint Library Facility  |d Remote Storage  |t 0  |e HG4921 .S68  |h Library of Congress classification  |i unmediated -- volume  |k v.16:no.2  |l 1994:May  |m A14818036062 
952 f f |p ric  |a Texas A&M University  |b Rellis Campus  |c Joint Library Facility  |d Remote Storage  |t 0  |e HG4921 .S68  |h Library of Congress classification  |i unmediated -- volume  |k v.29:no.4  |l 2007:Winter  |m A14836998157 
952 f f |p ric  |a Texas A&M University  |b Rellis Campus  |c Joint Library Facility  |d Remote Storage  |t 0  |e HG4921 .S68  |h Library of Congress classification  |i unmediated -- volume  |k v.8:no.3  |l 1986  |m A14809397370 
952 f f |p ric  |a Texas A&M University  |b Rellis Campus  |c Joint Library Facility  |d Remote Storage  |t 0  |e HG4921 .S68  |h Library of Congress classification  |i unmediated -- volume  |k v.28:no.1  |l 2006:Spring  |m A14833970956 
952 f f |p ric  |a Texas A&M University  |b Rellis Campus  |c Joint Library Facility  |d Remote Storage  |t 0  |e HG4921 .S68  |h Library of Congress classification  |i unmediated -- volume  |k v.26:no.4  |l 2004:winter  |m A14831419645 
952 f f |p ric  |a Texas A&M University  |b Rellis Campus  |c Joint Library Facility  |d Remote Storage  |t 0  |e HG4921 .S68  |h Library of Congress classification  |i unmediated -- volume  |k v.11:no.1  |l 1989  |m A14811304105 
952 f f |p ric  |a Texas A&M University  |b Rellis Campus  |c Joint Library Facility  |d Remote Storage  |t 0  |e HG4921 .S68  |h Library of Congress classification  |i unmediated -- volume  |k v.23:no.4  |l 2001:Winter  |m A14828606615 
952 f f |p ric  |a Texas A&M University  |b Rellis Campus  |c Joint Library Facility  |d Remote Storage  |t 0  |e HG4921 .S68  |h Library of Congress classification  |i unmediated -- volume  |k v.7:no.3  |l 1985  |m A14808673480 
952 f f |p ric  |a Texas A&M University  |b Rellis Campus  |c Joint Library Facility  |d Remote Storage  |t 0  |e HG4921 .S68  |h Library of Congress classification  |i unmediated -- volume  |k v.21:no.4  |l 1999 Winter  |m A14825728109 
952 f f |p ric  |a Texas A&M University  |b Rellis Campus  |c Joint Library Facility  |d Remote Storage  |t 0  |e HG4921 .S68  |h Library of Congress classification  |i unmediated -- volume  |k v.23:no.3  |l 2001:Fall  |m A14828177111 
952 f f |p ric  |a Texas A&M University  |b Rellis Campus  |c Joint Library Facility  |d Remote Storage  |t 0  |e HG4921 .S68  |h Library of Congress classification  |i unmediated -- volume  |k v.10:no.2  |l 1988  |m A14811101272 
952 f f |p ric  |a Texas A&M University  |b Rellis Campus  |c Joint Library Facility  |d Remote Storage  |t 0  |e HG4921 .S68  |h Library of Congress classification  |i unmediated -- volume  |k v.18:no.1  |l 1996:Feb.  |m A14819805210 
952 f f |p ric  |a Texas A&M University  |b Rellis Campus  |c Joint Library Facility  |d Remote Storage  |t 0  |e HG4921 .S68  |h Library of Congress classification  |i unmediated -- volume  |k v.12:no.4  |l 1990  |m A14813917174 
952 f f |p ric  |a Texas A&M University  |b Rellis Campus  |c Joint Library Facility  |d Remote Storage  |t 0  |e HG4921 .S68  |h Library of Congress classification  |i unmediated -- volume  |k v.15:no.1  |l 1993  |m A14813984286 
952 f f |p ric  |a Texas A&M University  |b Rellis Campus  |c Joint Library Facility  |d Remote Storage  |t 0  |e HG4921 .S68  |h Library of Congress classification  |i unmediated -- volume  |k v.18:no.4  |l 1996:Nov.  |m A14820479014 
952 f f |p normal  |a Texas A&M University  |b Rellis Campus  |c Joint Library Facility  |d Remote Storage  |t 0  |e HG4921 .S68  |h Library of Congress classification  |i unmediated -- volume  |k v.11:no.3  |l 1989  |m A14812312436 
952 f f |p ric  |a Texas A&M University  |b Rellis Campus  |c Joint Library Facility  |d Remote Storage  |t 0  |e HG4921 .S68  |h Library of Congress classification  |i unmediated -- volume  |k v.22:no.4  |l 2000:Dec.  |m A14826282449 
952 f f |p ric  |a Texas A&M University  |b Rellis Campus  |c Joint Library Facility  |d Remote Storage  |t 0  |e HG4921 .S68  |h Library of Congress classification  |i unmediated -- volume  |k v.13:no.1  |l 1991  |m A14814128126 
952 f f |p ric  |a Texas A&M University  |b Rellis Campus  |c Joint Library Facility  |d Remote Storage  |t 0  |e HG4921 .S68  |h Library of Congress classification  |i unmediated -- volume  |k v.15:no.2  |l 1993  |m A14813983719 
952 f f |p ric  |a Texas A&M University  |b Rellis Campus  |c Joint Library Facility  |d Remote Storage  |t 0  |e HG4921 .S68  |h Library of Congress classification  |i unmediated -- volume  |k v.26:no.1  |l 2004:Spring  |m A14831842937 
952 f f |p ric  |a Texas A&M University  |b Rellis Campus  |c Joint Library Facility  |d Remote Storage  |t 0  |e HG4921 .S68  |h Library of Congress classification  |i unmediated -- volume  |k v.10:no.4  |l 1988  |m A14811263935 
952 f f |p ric  |a Texas A&M University  |b Rellis Campus  |c Joint Library Facility  |d Remote Storage  |t 0  |e HG4921 .S68  |h Library of Congress classification  |i unmediated -- volume  |k v.12:no.1  |l 1990  |m A14812297880 
952 f f |p ric  |a Texas A&M University  |b Rellis Campus  |c Joint Library Facility  |d Remote Storage  |t 0  |e HG4921 .S68  |h Library of Congress classification  |i unmediated -- volume  |k v.24:no.2  |l 2002:Summer  |m A14828631775 
952 f f |p ric  |a Texas A&M University  |b Rellis Campus  |c Joint Library Facility  |d Remote Storage  |t 0  |e HG4921 .S68  |h Library of Congress classification  |i unmediated -- volume  |k v.20:no.4  |l 1998:Nov.  |m A14823845515 
952 f f |p ric  |a Texas A&M University  |b Rellis Campus  |c Joint Library Facility  |d Remote Storage  |t 0  |e HG4921 .S68  |h Library of Congress classification  |i unmediated -- volume  |k v.9:no.3  |l 1987  |m A14810972523 
952 f f |p ric  |a Texas A&M University  |b Rellis Campus  |c Joint Library Facility  |d Remote Storage  |t 0  |e HG4921 .S68  |h Library of Congress classification  |i unmediated -- volume  |k v.25:no.3  |l 2003:Fall  |m A14830663623 
952 f f |p ric  |a Texas A&M University  |b Rellis Campus  |c Joint Library Facility  |d Remote Storage  |t 0  |e HG4921 .S68  |h Library of Congress classification  |i unmediated -- volume  |k v.17:no.3  |l 1995:Aug.  |m A14819098148 
952 f f |p ric  |a Texas A&M University  |b Rellis Campus  |c Joint Library Facility  |d Remote Storage  |t 0  |e HG4921 .S68  |h Library of Congress classification  |i unmediated -- volume  |k v.18:no.3  |l 1996:Aug.  |m A14820193171 
952 f f |p ric  |a Texas A&M University  |b Rellis Campus  |c Joint Library Facility  |d Remote Storage  |t 0  |e HG4921 .S68  |h Library of Congress classification  |i unmediated -- volume  |k v.28:no.2  |l 2006:Summer  |m A14833978776 
952 f f |p ric  |a Texas A&M University  |b Rellis Campus  |c Joint Library Facility  |d Remote Storage  |t 0  |e HG4921 .S68  |h Library of Congress classification  |i unmediated -- volume  |k v.16:no.4  |l 1994:Nov.  |m A14818518470 
952 f f |p ric  |a Texas A&M University  |b Rellis Campus  |c Joint Library Facility  |d Remote Storage  |t 0  |e HG4921 .S68  |h Library of Congress classification  |i unmediated -- volume  |k v.20:no.2  |l 1998:May  |m A14823455695 
952 f f |p ric  |a Texas A&M University  |b Rellis Campus  |c Joint Library Facility  |d Remote Storage  |t 0  |e HG4921 .S68  |h Library of Congress classification  |i unmediated -- volume  |k v.19:no.3  |l 1997:Aug.  |m A14821393261 
952 f f |p ric  |a Texas A&M University  |b Rellis Campus  |c Joint Library Facility  |d Remote Storage  |t 0  |e HG4921 .S68  |h Library of Congress classification  |i unmediated -- volume  |k v.8:no.2  |l 1986  |m A14809373554 
952 f f |p ric  |a Texas A&M University  |b Rellis Campus  |c Joint Library Facility  |d Remote Storage  |t 0  |e HG4921 .S68  |h Library of Congress classification  |i unmediated -- volume  |k v.29:no.3  |l 2007:Fall  |m A14834021394 
998 f f |a HG4921 .S68  |s v.29:no.1-4 (2007:Spring-Winter)  |t 0  |l Remote Storage